000 00996cam a2200193 4500
001 WB3845-03
008 021203n2002 000 0 eng u
035 _a(Sirsi) u120645
245 _aNew ACE Agreements 2002
260 _c2002
490 _aConsult
_v(28) November 2002, 1(1)
490 _aACE Press Release
_v28 October 2002, (2)
520 _aThe Association of Consulting Engineers (ACE) has released new editions of ACE's industry standard appointment agreements for engineering consultants. "ACE Agreements 2002" will be available to use via the internet and includes a new "Short form agreement" and a "Sub-consultancy agreement". "ACE Agreements 2002" available to buy from ACE Publications, t +44 (0)20 7222 6557 (ext 123) or e [email protected] www.acenet.co.uk/cfm/press/DisplayNews.cfm?EntryNum=99.
590 _aWB
650 _aENGINEERING CONTRACTS
650 _aACE CONDITIONS OF ENGAGEMENT
690 _aBUILT ENVIRONMENT-BUILDING CONTRACT FORMS
942 _n0
999 _c71694
_d71694